| 000 | 01997nam a2200421 a 4500 | ||
|---|---|---|---|
| 001 | ebr10612164 | ||
| 003 | CaPaEBR | ||
| 006 | m u | ||
| 007 | cr cn||||||||| | ||
| 008 | 120424s2012 wauab sb 001 0 eng d | ||
| 010 | _z 2012015579 | ||
| 020 | _z9780295992082 (hard cover : alk. paper) | ||
| 020 | _z9780295804453 (e-book) | ||
| 040 |
_aCaPaEBR _cCaPaEBR |
||
| 035 | _a(OCoLC)813286411 | ||
| 043 | _an-use-- | ||
| 050 | 1 | 4 |
_aSB435.52.N58 _bS77 2012eb |
| 082 | 0 | 4 |
_a582.160974 _223 |
| 100 | 1 | _aStroud, Ellen. | |
| 245 | 1 | 0 |
_aNature next door _h[electronic resource] : _bcities and trees in the American Northeast / _cEllen Stroud ; foreword by William Cronon. |
| 260 |
_aSeattle : _bUniversity of Washington Press, _c2012. |
||
| 300 |
_axx, 207 p. : _bill., maps. |
||
| 490 | 1 | _aWeyerhaeuser environmental books | |
| 504 | _aIncludes bibliographical references and index. | ||
| 505 | 0 | _aIntroduction: The City and the Trees -- Water and Woods in Pennsylvania -- New Hampshire : Watersheds, Viewsheds, and Timber -- Packaging the Forested Farm in Vermont -- Who Owns Maine's Trees? -- Fractured Forests and the Future of Northeastern Trees. | |
| 533 |
_aElectronic reproduction. _bPalo Alto, Calif. : _cebrary, _d2011. _nAvailable via World Wide Web. _nAccess may be limited to ebrary affiliated libraries. |
||
| 650 | 0 |
_aTrees in cities _zNortheastern States. |
|
| 650 | 0 |
_aUrban forestry _zNortheastern States. |
|
| 650 | 0 |
_aUrban ecology (Sociology) _zNortheastern States. |
|
| 650 | 0 |
_aUrbanization _xEnvironmental aspects _zNortheastern States. |
|
| 650 | 0 |
_aReforestation _zNortheastern States. |
|
| 650 | 0 |
_aWatersheds _zNortheastern States. |
|
| 651 | 0 |
_aNortheastern States _xEnvironmental conditions. |
|
| 655 | 7 |
_aElectronic books. _2local |
|
| 710 | 2 | _aebrary, Inc. | |
| 830 | 0 | _aWeyerhaeuser environmental book. | |
| 856 | 4 | 0 |
_uhttp://site.ebrary.com/lib/rucke/Doc?id=10612164 _zAn electronic book accessible through the World Wide Web; click to view |
| 999 |
_c103362 _d103362 |
||